Εκπαίδευση ενηλίκων για ευπαθείς κοινωνικές ομάδες
Saved in:
| Main Author: | |
|---|---|
| Format: | Book |
| Language: | Greek |
| Published: |
Αθήνα :
Ι. Σιδέρης,
2010.
|
| Subjects: | |
| Tags: |
Add Tag
No Tags, Be the first to tag this record!
|
MARC
| LEADER | 00000nam a2200000 a 4500 | ||
|---|---|---|---|
| 001 | 1/116748 | ||
| 008 | 180606s2010####gr | ||| |||| ||gre|| | ||
| 020 | |a 9789600805154 | ||
| 040 | |a GR-MyUa |b gre |c GR-MyUa |e AACR2 | ||
| 041 | 0 | |a gre | |
| 082 | 7 | |a 374.1 |2 (23) | |
| 100 | 1 | |a Παπασταμάτης, Αδαμάντιος Ι. | |
| 245 | 1 | 0 | |a Εκπαίδευση ενηλίκων για ευπαθείς κοινωνικές ομάδες / |c Αδαμάντιος Ι. Παπασταμάτης. |
| 260 | |a Αθήνα : |b Ι. Σιδέρης, |c 2010. | ||
| 300 | |a 320 σ. ; |c 24 εκ. | ||
| 504 | |a Ευρετήριο ονομάτων και εννοιών : σ. 277-302. | ||
| 504 | |a Βιβλιογραφία : σ. 247-276. | ||
| 650 | 0 | |a Adult education. | |
| 650 | 0 | |a Adult education |x Social aspects. | |
| 650 | 0 | |a Adult education |x Methodology. | |
| 650 | 0 | |a Adult education teachers |x Training of. | |
| 852 | |a INST |b RHODES |c EUDOXUS |e 20180606 |h 374.1 ΠΑΠ |p 005400040130 |q 005400040130 |t EDX |y 4 |x 20200218 | ||
| 920 | |a Εύδοξος |b Παραγγελία |y Ρόδος-ΤΜΣ |z 2018-04 | ||
| 970 | |z 06-06-2018 | ||